书目信息 |
| 题名: |
SQL Server 2008网络数据库管理项目教程
|
|
| 作者: | 李桂香 , 王昌云 主编 | |
| 分册: | ||
| 出版信息: | 北京 中国水利水电出版社 2016.1 |
|
| 页数: | 273页 | |
| 开本: | 24cm | |
| 丛书名: | ||
| 单 册: | ||
| 中图分类: | TP311.132.3 , TP311.138SQ | |
| 科图分类: | ||
| 主题词: | ||
| 电子资源: | ||
| ISBN: | 978-7-5170-3857-3 | |
| 000 | 01029nam0 2200277 450 | |
| 001 | 0500003328 | |
| 005 | 20171022084829.0 | |
| 010 | @a978-7-5170-3857-3@dCNY36.00 | |
| 100 | @a20160218d2016 em y0chiy50 ea | |
| 101 | 0 | @achi |
| 102 | @aCN@b110000 | |
| 105 | @ay z 000yy | |
| 106 | @ar | |
| 200 | 1 | @aSQL Server 2008网络数据库管理项目教程@9SQL Server 2008 wang luo shu ju ku guan li xiang mu jiao cheng@b专著@f李桂香,王昌云主编 |
| 210 | @a北京@c中国水利水电出版社@d2016.1 | |
| 215 | @a273页@d24cm | |
| 300 | @a高等职业教育精品示范教材(电子信息课程群) | |
| 330 | @a本书介绍了数据库的基本原理、SQL Server 2008的安装与配置、数据库的创建与管理、数据库中表的管理、数据完整性等多方面的内容。 | |
| 610 | @a关系数据库@x数据库管理系统,SQL Server 2008@x高等职业教育@j教材 | |
| 610 | 0 | @aSQL Server |
| 690 | @aTP311.132.3@v5 | |
| 690 | @aTP311.138SQ@v5 | |
| 701 | 0 | @a李桂香@9li gui xiang@4主编 |
| 701 | 0 | @a王昌云@9wang chang yun@4主编 |
| 801 | 0 | @aCN@b91MARC@c20171022 |
| 905 | @b1036096-100@dTP311.132.3@f5@e1177 | |
| SQL Server 2008网络数据库管理项目教程/李桂香,王昌云主编.-北京:中国水利水电出版社,2016.1 |
| 273页;24cm |
| 高等职业教育精品示范教材(电子信息课程群) |
| ISBN 978-7-5170-3857-3:CNY36.00 |
| 本书介绍了数据库的基本原理、SQL Server 2008的安装与配置、数据库的创建与管理、数据库中表的管理、数据完整性等多方面的内容。 |
| ● |
| 相关链接 |
|
|
|
|
正题名:SQL Server 2008网络数据库管理项目教程
索取号:TP311.132.3/1177
 
预约/预借
| 序号 | 登录号 | 条形码 | 馆藏地/架位号 | 状态 | 备注 |
| 1 | 1036096 | 210360964 | 第二样本阅览室/ [索取号:TP311.132.3/1177] | 在馆 | |
| 2 | 1036097 | 210360973 | 第三借阅区/ [索取号:TP311.132.3/1177] | 在馆 | |
| 3 | 1036098 | 210360982 | 第三借阅区/ [索取号:TP311.132.3/1177] | 在馆 | |
| 4 | 1036099 | 210360991 | 第三借阅区/ [索取号:TP311.132.3/1177] | 在馆 | |
| 5 | 1036100 | 210361008 | 密集书库—计算机科学学院/ [索取号:TP311.132.3/1177] | 在馆 |